Social problems / (Record no. 51935)

MARC details
000 -LEADER
fixed length control field 00662nam a22001937a 4500
008 - FIXED-LENGTH DATA ELEMENTS--GENERAL INFORMATION
fixed length control field 180125b xxu||||| |||| 00| 0 eng d
020 ## - INTERNATIONAL STANDARD BOOK NUMBER
International Standard Book Number 0132433397 (pbk.)
020 ## - INTERNATIONAL STANDARD BOOK NUMBER
International Standard Book Number 9780132433396 (pbk.)
050 ## - LIBRARY OF CONGRESS CALL NUMBER
Classification number HN16
Item number .M24 2008
100 ## - MAIN ENTRY--PERSONAL NAME
Personal name Macionis, John J
245 ## - TITLE STATEMENT
Title Social problems /
Statement of responsibility, etc John J. Macionis
250 ## - EDITION STATEMENT
Edition statement 3rd ed
260 ## - PUBLICATION, DISTRIBUTION, ETC. (IMPRINT)
Place of publication, distribution, etc Upper Saddle River, N.J. :
Name of publisher, distributor, etc Pearson/Prentice Hall,
Date of publication, distribution, etc 2008
300 ## - PHYSICAL DESCRIPTION
Extent xxxiii, 566 p. :
Other physical details ill. (chiefly col.), col. maps ;
Dimensions 27 cm
500 ## - GENERAL NOTE
General note Includes bibliographical references and indexes
650 ## - SUBJECT ADDED ENTRY--TOPICAL TERM
Topical term or geographic name as entry element Social problems
650 ## - SUBJECT ADDED ENTRY--TOPICAL TERM
Topical term or geographic name as entry element Social problems
General subdivision United States
Geographic subdivision United States
942 ## - ADDED ENTRY ELEMENTS (KOHA)
Source of classification or shelving scheme Library of Congress Classification
Item type Book
Holdings
Withdrawn status Lost status Source of classification or shelving scheme Damaged status Not for loan Collection code Home library Current library Shelving location Date acquired Source of acquisition Cost, normal purchase price Full call number Barcode Copy number Price effective from Koha item type
    Library of Congress Classification     Non-fiction Bishop Okullu Memorial Library (Limuru Campus) Bishop Okullu Memorial Library (Limuru Campus) General Circulation 25/01/2018 Donations- BFA 2000.00 HN16 .M24 2008 057274 1 25/01/2018 Book